000 00694nam a2200253 i 4500
001 C2-0222924
003 PPAK
005 20180728151930.0
008 000125s1996 nyu |||| ||||| | eng d
020 _a0471141062
040 _aPPAK
_beng
_cPPAK
_erda
082 0 4 _a642.4
_223
090 0 0 _a642.4
_bEGE
_dR
100 1 _aEgerton-Thomas, Christopher,
_eauthor
245 1 0 _aHow to run a catering business from home
264 1 _aNew York :
_bJohn Wiley ,
_c1996
300 _ax, 187 pages ;
_c23 cm
336 _2rdacontent
_atext
337 _2rdamedia
_aunmediated
338 _2rdacarrier
_avolume
500 _aIncludes index
650 1 0 _aCaterers and catering
942 _ddc
_cB
999 _c144144
_d144144